Zdaňovanie dlhopisov Fondu národného majetku SR

Charakteristika dlhopisu Fondu národného majetku (FNM) SR podľa zákona č. 92/1991 Zb. Dlhopis je vrátane svojho výnosu splatný 31.12.2000. Predaj dlhopisu a daň z príjmu. Darovanie dlhopisu. Prechod a dedenie dlhopisu.

Salvato in:
Dettagli Bibliografici
Autore principale: Mäsiarová, Terézia
Natura: Capitolo di libro
Lingua:slovacco
Soggetti:
Tags: Aggiungi Tag
Nessun Tag, puoi essere il primo ad aggiungerne!!

MARC

LEADER 00000naa a2200000 4500
001 r034209
005 20230921103322.0
041 0 |a slo 
044 |a SK 
245 1 0 |a Zdaňovanie dlhopisov Fondu národného majetku SR  |c Terézia Mäsiarová 
520 |a Charakteristika dlhopisu Fondu národného majetku (FNM) SR podľa zákona č. 92/1991 Zb. Dlhopis je vrátane svojho výnosu splatný 31.12.2000. Predaj dlhopisu a daň z príjmu. Darovanie dlhopisu. Prechod a dedenie dlhopisu. 
610 2 0 |a dlhopisy 
610 2 0 |a zdaňovanie 
610 2 0 |a dane z príjmov 
610 2 0 |a predaj 
610 2 0 |a zákony 
610 2 0 |a FNM SR Bratislava 
100 1 |a Mäsiarová, Terézia